| 000 | 00767nam a2200217 i 4500 | ||
|---|---|---|---|
| 001 | 38645 | ||
| 003 | ES-MaACL | ||
| 005 | 20250820063027.0 | ||
| 007 | t| | ||
| 008 | 030226s1953 po ||||1| por d | ||
| 100 | 1 |
_aCamões, Luís de, _d1524?-1580 _9181622 |
|
| 245 | 1 | 0 |
_aRimas / _cLuis de Camoes ; texto establecido e prefaciado por Alvaro J. da Costa Pimpâo. |
| 260 |
_aCoimbra : _bUniversidade de Coimbra, _c1953 ( _fAtlantida) |
||
| 300 |
_a460 p. : _b1 retr. aut. ; _c22 cm. |
||
| 490 | 1 | _aActa Universitatis Conimbrigensis | |
| 700 | 1 |
_aCosta Pimpâo, Alvaro J. da. _941110 |
|
| 710 | 2 |
_aUniversidade de Coimbra. _97461 |
|
| 830 | 0 | 0 |
_aActa Universitatis Conimbrigensis _9181764 |
| 852 |
_aES-MaACL _jE-3548 _bR.34681 |
||
| 999 |
_c38645 _d38645 |
||